000 00966nam a22002297a 4500
005 20170502101056.0
010 _a1617EN
020 _c565.00
_a9780198083542
035 _aB-651599-607
035 _aB-666222
037 _bPragati
_adpl
082 _a629.8043
100 _aKuo Bebjamin, C
245 _aDigital control system /
_c by Bebjamin C.Kuo
250 _a2nd ed.
260 _aNew Delhi
_bOxford University Press
_c2016
270 _aYMCA Library Building, 1, Jai Singh Road,
_bNew Delhi
_e110001
300 _axx,751p.
_c24cm(pbk)
_b illus.
942 _2ddc
_cEN
_h629.8043
_mKUO
999 _c101851
_d101851